| 000 | 00000nas##2200000za#4500 |
| 001 | 9.504714 |
| 003 | CaOODSP |
| 005 | 20200325130818 |
| 007 | cr ||||||||||| |
| 008 | 150406c1991||||xxc|| m o||||f| |0eng|d |
| 040 | |aCaOODSP|beng |
| 043 | |an-cn--- |
| 086 | 1 |aSC91-4E-PDF |
| 110 | 1 |aCanada.|bCanadian Centre for Management Development. |
| 245 | 10|aJohn L. Manion lecture |h[electronic resource] |
| 260 | |aOttawa - Ontario : |bCanadian Centre for Management Development |c[1993?]--. |
| 310 | |aIrregular |
| 775 | 08|tConférence John L. Manion |w(CaOODSP)9.501125 |
| 776 | 0#|tJohn L. Manion Lecture |w(CaOODSP)9.509622 |
| 776 | 0#|tLa conférence John L. Manion |w(CaOODSP)9.509623 |
| 776 | 0#|tJohn L. Manion Lecture |w(CaOODSP)9.514893 |